Online
Catalog

The coming revolution in medicine / (Record no. 10791)

MARC details
000 -CABECERA
campo de control de longitud fija 00839nam a22002411 4500
001 - NÚMERO DE CONTROL
campo de control 000011066
005 - FECHA Y HORA DE LA ÚLTIMA TRANSACCIÓN
campo de control 20200929162341.0
008 - DATOS DE LONGITUD FIJA--INFORMACIÓN GENERAL
campo de control de longitud fija 740506s1967 maua b 000 0 eng
010 ## - NÚMERO DE CONTROL DE LA BIBLIOTECA DEL CONGRESO
Número de control de LC 67027351
040 ## - FUENTE DE LA CATALOGACIÓN
Centro catalogador/agencia de origen DO-SdBNP
Centro/agencia transcriptor DLC
Centro/agencia modificador DLC
043 ## - CÓDIGO DE ÁREA GEOGRÁFICA
Código de área geográfica n-us---
050 00 - SIGNATURA TOPOGRÁFICA DE LA BIBLIOTECA DEL CONGRESO
Número de clasificación R151
Número de documento/Ítem .R8
082 00 - NÚMERO DE LA CLASIFICACIÓN DECIMAL DEWEY
Número de clasificación 610/.973
100 1# - ENTRADA PRINCIPAL--NOMBRE DE PERSONA
Nombre de persona Rutstein, David D.
9 (RLIN) 26569
245 14 - MENCIÓN DE TÍTULO
Título The coming revolution in medicine /
Mención de responsabilidad, etc. [by] David D. Rutstein.
260 ## - PUBLICACIÓN, DISTRIBUCIÓN, ETC.
Lugar de publicación, distribución, etc. Cambridge, Mass., :
Nombre del editor, distribuidor, etc. MIT Press,
Fecha de publicación, distribución, etc. [1967].
300 ## - DESCRIPCIÓN FÍSICA
Extensión xi, 180 p. :
Otras características físicas illus. ;
Dimensiones 21 cm.
500 ## - NOTA GENERAL
Nota general Four essays based on a series of lectures delivered at the Massachusetts Institute of Technology in the fall of 1966.
504 ## - NOTA DE BIBLIOGRAFÍA, ETC.
Nota de bibliografía, etc. Bibliographical footnotes.
650 #0 - PUNTO DE ACCESO ADICIONAL DE MATERIA--TÉRMINO DE MATERIA
Término de materia o nombre geográfico como elemento de entrada Medicine
Subdivisión geográfica United States.
9 (RLIN) 26570
650 #0 - PUNTO DE ACCESO ADICIONAL DE MATERIA--TÉRMINO DE MATERIA
Término de materia o nombre geográfico como elemento de entrada Medical care
Subdivisión geográfica United States.
9 (RLIN) 26571
910 ## - DATOS DE OPCIÓN DEL USUARIO (OCLC)
Datos de opción del usuario Catalogación por copia / LC
Holdings
Estado de retiro Estado de pérdida Restricciones de uso No para préstamo Código de colección Localización permanente Ubicación/localización actual Ubicación en estantería Fecha de adquisición Número de inventario Total de préstamos Signatura topográfica completa Código de barras Fecha visto por última vez Precio válido a partir de Tipo de ítem Koha
    Préstamo interno   Monografías: Libros y Folletos General General Depósito 13.10.2009 LF1   610/.973 11066-10 25.06.2020 25.06.2020 Préstamo interno

Powered by Koha